Kořenové čistírny : přírodní čištění a recyklace vody /
Uloženo v:
| Hlavní autor: | |
|---|---|
| Médium: | Kniha |
| Jazyk: | Czech |
| Vydáno: |
Praha :
Grada Publishing,
2026
|
| Vydání: | První vydání |
| Témata: | |
| Celkem bylo vypůjčeno: | 0x |
| Tagy: |
Žádné tagy |
| LEADER | 01769nam a2200445 i 4500 | ||
|---|---|---|---|
| 001 | 106445 | ||
| 003 | CZ PrNK | ||
| 005 | 20260602125820.0 | ||
| 007 | ta | ||
| 008 | 260513s2026 xr a e f 000 0 cze | ||
| 015 | |a cnb003758140 | ||
| 020 | |a 9788027158690 |q (vázáno) : |c Kč 399,00 | ||
| 040 | |a BOA001 |b cze |e rda | ||
| 072 | 7 | |a 628 |x Sanitární technika. Vodárenství. Odpadové hospodářství. Světelná technika |2 Konspekt |9 19 | |
| 080 | |a 628.357.4 |2 MRF | ||
| 080 | |a 628.35 |2 MRF | ||
| 080 | |a (0.062) |2 MRF | ||
| 080 | |a (047.53) |2 MRF | ||
| 100 | 1 | |a Šperling, Michal, |d 1972- |7 xx0206105 |4 aut |9 117402 | |
| 245 | 1 | 0 | |a Kořenové čistírny : |b přírodní čištění a recyklace vody / |c Michal Šperling a kol. |
| 250 | |a První vydání | ||
| 264 | 1 | |a Praha : |b Grada Publishing, |c 2026 | |
| 300 | |a 190 stran : |b barevné ilustrace ; |c 26 cm | ||
| 336 | |a text |b txt |2 rdacontent | ||
| 336 | |a statický obraz |b sti |2 rdacontent | ||
| 337 | |a bez média |b n |2 rdamedia | ||
| 338 | |a svazek |b nc |2 rdacarrier | ||
| 650 | 0 | 7 | |a kořenové čistírny odpadních vod |7 ph115003 |2 czenas |9 84694 |
| 650 | 0 | 7 | |a biologické čištění odpadních vod |7 ph118906 |2 czenas |9 86304 |
| 650 | 0 | 9 | |a vegetation purification plants |2 eczenas |
| 650 | 0 | 9 | |a biological wastewater treatment |2 eczenas |
| 655 | 7 | |a populárně-naučné publikace |7 fd131864 |2 czenas |9 102 | |
| 655 | 7 | |a rozhovory |7 fd133303 |2 czenas |9 2157 | |
| 655 | 9 | |a popular works |2 eczenas | |
| 655 | 9 | |a interviews |2 eczenas | |
| 710 | 2 | |a Grada (nakladatelství) |7 kn20080316009 |4 pbl |9 117315 | |
| 910 | |a UOG502 | ||
| 942 | |2 ddc |c KN | ||
| 999 | |d 106445 | ||
| 993 | |0 0 |1 421180107159 |2 ddc |4 0 |6 62_000000000000000 |7 0 |9 99872 |b 0 |c 107159 |d 2026-06-02 |e 0 |f DOSP |g 62 |h 399.00 |i Koupě |l DOSP |r 2026-06-02 |t 5 |w 2026-06-02 |y KN |z NAUCNA |n | ||